Lợi thế cạnh tranh quốc gia = The competitive advantage of nation

Quyển sách nói về lợi thế cạnh tranh của các doanh nghiệp trong ngành công nghiệp toàn cầu, những nhân tố quyết định lợi thế cạnh tranh quốc gia, trong các ngành dịch vụ. Sách còn cung cấp những chiến lược cho công ty, chính sách chính phủ và...

Descripció completa

Guardat en:
Dades bibliogràfiques
Autor principal: Porter, Michael E.
Format: Llibre
Idioma:Undetermined
Publicat: Thành phố Hồ Chí Minh Trẻ 2008
Matèries:
Etiquetes: Afegir etiqueta
Sense etiquetes, Sigues el primer a etiquetar aquest registre!
Thư viện lưu trữ: Trung tâm Học liệu Trường Đại học Cần Thơ
LEADER 01120nam a2200229Ia 4500
001 CTU_154763
008 210402s9999 xx 000 0 und d
020 |c 240000 
082 |a 338.9 
082 |b P844 
100 |a Porter, Michael E. 
245 0 |a Lợi thế cạnh tranh quốc gia = 
245 4 |b The competitive advantage of nation 
245 0 |c Michael E. Porter 
260 |a Thành phố Hồ Chí Minh 
260 |b Trẻ 
260 |c 2008 
520 |a Quyển sách nói về lợi thế cạnh tranh của các doanh nghiệp trong ngành công nghiệp toàn cầu, những nhân tố quyết định lợi thế cạnh tranh quốc gia, trong các ngành dịch vụ. Sách còn cung cấp những chiến lược cho công ty, chính sách chính phủ và chương trình hành động của các quốc gia. 
650 |a Company, competitive 
650 |x Comparative advantage (International trade),Competition, International. 
904 |i Diễm Châu 
980 |a Trung tâm Học liệu Trường Đại học Cần Thơ